000 00871nam a2200181Ia 4500
008 100921s9999 xx 000 0 und d
082 _b18036
_a801.95 थ 82
100 _aमालशे सखाराम गंगाधर.
245 _aमराठी वाङमयाचा इतिहास खंड-2-भाग-2-1350-1680.
260 _bमहाराष्ट्र साहित्य परिषद,पुणे.
_c1982
300 _a428
_b---
365 _b45
520 _aललित-टीका,तत्वे,तंत्र.
630 _aमराठी वाङमयाचा इतिहास खंड-2-भाग-2-1350-1680.
650 _aललित-टीका,तत्वे,तंत्र.
730 _aमराठी वाङमयाचा इतिहास खंड-2-भाग-2-1350-1680.
942 _cBOOK
999 _c767149
_d767146